Aircraft Carriers by Country - Statistics

General Stats
  • This quiz has been taken 130 times
  • The average score is 8 of 9
Answer Stats
name country % Correct
Admiral Kuznetsov Russia
99%
Queen Elizabeth United Kingdom
94%
Charles de Gaulle France
93%
Juan Carlos I Spain
90%
Liaoning China
88%
Giuseppe Garibaldi Italy
88%
Carl Vinson United States
87%
Vikramaditya India
78%
Chakri Naruebet Thailand
58%
No matching quizzes found
Score Distribution
Percent of People with Each Score
Percentile by Number Answered
Your Score History
You have not taken this quiz